[Event "Subic Bay Puregold op-B"]
[Site "Subic Bay"]
[Date "2016.12.15"]
[Round "5"]
[White "Tolentino, Jerry"]
[Black "Rilloraza, Istraelito"]
[Result "0-1"]
[WhiteElo "2005"]
[BlackElo "1962"]
[PlyCount "114"]
[EventDate "2016.12.13"]
[EventType "swiss"]
[EventRounds "9"]
[EventCountry "PHI"]
[SourceTitle "EXT 2018"]
[Source "ChessBase"]
[SourceDate "2017.10.13"]
[SourceVersion "1"]
[SourceVersionDate "2017.10.13"]
[SourceQuality "1"]

1. d4 d5 2. c4 dxc4 3. Nf3 Nf6 4. Nc3 c6 5. a4 Bf5 6. Ne5 Nbd7 7. Nxc4 Qc7 8. g3 e5 9. dxe5 Nxe5 10. Bf4 Nfd7 11. Bg2 f6 12. 0-0 0-0-0 13. Qc1 g5 14. Ne3 Be6 15. Bxe5 Qxe5 16. a5 a6 17. b4 Bxb4 18. Na4 Nc5 19. Nc4 Bxc4 20. Nb6+ Kb8 21. Qxc4 Rd4 22. Qf7 Qe6 23. Qg7 Rhd8 24. e3 Rd3 25. Qxh7 Nb3 26. Be4 Rc3 27. Rad1 Nd2 28. Rxd2 Rxd2 29. Qh8+ Kc7 30. Na8+ Kd7 31. Qh7+ Qe7 32. Bf5+ Kd6 33. Qg8 Bxa5 34. Qb8+ Kd5 35. e4+ Kd4 36. Qa7+ c5 37. Nb6 Bxb6 38. Qxb6 Rcc2 39. Qb3 b5 40. Qe3+ Ke5 41. h4 Kd6 42. Qa3 Ra2 43. Qb3 gxh4 44. Qg8 hxg3 45. Qxg3+ Kc6 46. Qg8 Qd6 47. Be6 c4 48. Bd5+ Kb6 49. Qg7 Ka5 50. Qg4 Qe5 51. Bf7 Qg5 52. Qxg5 fxg5 53. Kg2 Re2 54. Bd5 Rad2 55. Bb7 Kb6 56. Bd5 c3 57. Kg3 c2 0-1